000 00488nam a2200133Ia 4500
008 220216s9999 xx 000 0 und d
100 _aMihalik Peter
245 0 _aSingle stage tyre building-Machinery for rubber industry
260 _bProceedings of the National Conference and Exposition on Rubber and Allied Materials. India Rub Tech Expo 2004. 13-14 February, 2004, Mysore.pp.433-435.
650 _aGreen tyre
650 _aRubber industry
650 _aTyre building
942 _cJS
999 _c68744
_d68744